00237nam a2200097Ia 4500008004100000100002200041245003500063250000800098260002500106300000800131191201s2011 xx 000 0 und d aREEDHILL,Robert E 0aPhysical metallurgy Principles aRep c2011bEWPaNEW DELHI a920